00683nam a2200169Ia 4500003000200000005001700002008004100019050002600060100003000086245010000116260008600216300002800302521002700330942001200357999001900369952012500388020250214151730.0140724s9999 xx 000 0 und d aT 57.6.A1b.V719 2009 aVillar, Harmond Perrie M. aAutomated timekeeping and payroll system of Creative Middle School /cHarmond Perrie M. Villar. aLas Piñas, Philippines :bSouthville International School and Colleges,cc2009. a41 p. :bill. ;c28 cm. aInformation Technology cTH2lcc c228724d228724 00102lcc40aCLbCLcTHESESd2014-07-24eDONATIONl0oT 57.6.A1 .V719 2009 pT0078r2018-05-15 00:00:00w2014-07-24yTH